Colors of the Rainbow - Statistics

General Stats
  • This quiz has been taken 33 times
  • The average score is 7 of 7
Answer Stats
Hint Answer % Correct
B Blue
100%
G Green
100%
R Red
100%
O Orange
96%
V Violet
96%
Y Yellow
96%
I Indigo
92%
No matching quizzes found
Score Distribution
Percent of People with Each Score
Percentile by Number Answered
Your Score History
You have not taken this quiz